20 ciudades mas grandes de America del norte(en orden) - Estadísticas

Estadísticas generales
  • Esta prueba ha sido intentada 125 veces
  • La puntuación promedio es 8 de 20
Estadísticas de respuestas
Imagen Hint Respuesta % Correcto
8.9 Ciudad de Mexico,Mexico
99%
8.5 Nueva York,Estados Unidos
98%
3.9 Los Angeles,Estados Unidos
90%
2.8 Toronto,Canada
84%
2.1 La Habana,Cuba
79%
2.7 Chicago,Estados Unidos
73%
1.7 Montreal,Canada
58%
2.2 Houston,Estados Unidos
55%
1.4 Guadalajara,Mexico
47%
1.5 Filadelfia,Estados Unidos
29%
1.4 Puebla,Mexico
27%
1.5 Phoenix,Estados Unidos
21%
1.2 Calgary,Canada
18%
1.3 Dallas,Estados Unidos
18%
1.2 Tijuana,Mexico
11%
1.6 Ecatepec de Morelos,Mexico
9%
1.4 San Antonio,Estados Unidos
9%
1.3 San Diego,Estados Unidos
9%
1.3 Leon,Mexico
8%
1.3 Ciudad Juarez,Mexico
6%
No se encontraron pruebas coincidentes
Distribución de puntuación
Porcentaje de gente con cada puntuación
Porcentaje por número respondido
Historial de tus puntuaciones
No has intentado esta prueba.